| 000 | 01159nam a2200313 i 4500 | ||
|---|---|---|---|
| 001 | 185075 | ||
| 003 | SpMaBN | ||
| 005 | 20251001142403.0 | ||
| 008 | 160317s1988 sp |||| | spa d | ||
| 020 | _a84-297-2805-8 | ||
| 080 | _a7.072.3(430) | ||
| 080 | _a7.035(430) | ||
| 100 | 1 |
_aBenjamin, Walter, _d1892-1940 _9241507 |
|
| 245 | 1 | 3 |
_aEl concepto de crítica de arte en el romanticismo alemán / _cWalter Benjamin ; traducción y prólogo de J.F. Yvars y Vicente Jarque. |
| 250 | _a1ª ed. | ||
| 260 |
_aBarcelona : _bPenínsula, _c1988. |
||
| 300 |
_a169 p. ; _c21 cm. |
||
| 490 | 1 |
_aHistoria, ciencia, sociedad ; _v211 |
|
| 504 | _aBibliografía: p. 167-169. | ||
| 594 | _aTít. original: Der Begriff der Kunskritik in der deutschen Romantik. | ||
| 650 | 7 |
_aCrítica artística _2embne _916003 |
|
| 650 | 4 |
_aRomanticismo- _zAlemania. _916944 |
|
| 650 | 7 |
_aEstética _2embne _9142387 |
|
| 700 | 1 |
_aIvars, José-Francisco. _965661 |
|
| 700 | 1 |
_aJarque, Vicente, _d1956- _9159129 |
|
| 830 | 0 |
_aHistoria, ciencia, sociedad ; _v211 _9241797 |
|
| 852 |
_aES-MaACL _jL-30266 _z. - Donat. Miguel A. Velasco |
||
| 999 |
_c185075 _d185075 |
||